[Event "SVK-ch U12 Girls"]
[Site "Tatralandia"]
[Date "2024.04.07"]
[Round "3"]
[White "Stricova, Julia Nela"]
[Black "Jarosova, Eliska"]
[Result "1-0"]
[WhiteElo "1503"]
[BlackElo "1000"]
[PlyCount "99"]
[EventDate "2024.04.05"]
[EventType "swiss"]
[EventRounds "7"]
[EventCountry "SVK"]
[SourceTitle "CB16_2024"]
[SourceDate "2024.04.17"]
[SourceVersion "1"]
[SourceVersionDate "2024.04.17"]
[SourceQuality "1"]

1. e4 e5 2. Nf3 Nc6 3. Bb5 a6 4. Bxc6 bxc6 5. Nxe5 Qe7 6. Nf3 Nf6 7. 0-0 Nxe4 8. Re1 d5 9. d3 Qf6 10. dxe4 dxe4 11. Rxe4+ Be7 12. Nc3 0-0 13. Qe2 Re8 14. Bg5 Qd6 15. Bxe7 Qd7 16. Bc5 Bb7 17. Rd1 Qc8 18. Rxe8+ Qxe8 19. Qxe8+ Rxe8 20. Kf1 h6 21. Re1 Rd8 22. Re7 Rc8 23. Ke2 g6 24. Ne5 Rd8 25. Rxf7 Bc8 26. Rxc7 Bf5 27. Rxc6 Kg7 28. Rxa6 Bxc2 29. Rd6 Re8 30. f4 g5 31. g3 Rc8 32. Bd4 Re8 33. Kd2 Ba4 34. Nxa4 Ra8 35. Nc3 Rb8 36. Nc6+ Kf7 37. Nxb8 Ke7 38. Rb6 h5 39. a4 h4 40. fxg5 h3 41. a5 Kf7 42. a6 Ke7 43. a7 Kf7 44. a8Q Ke7 45. Qb7+ Kf8 46. Qc8+ Kf7 47. Rf6+ Kg7 48. Qd7+ Kg8 49. Qf7+ Kh8 50. Rh6# 1-0

[Event "EU Union-ch U12"]
[Site "Kouty nad Desnou"]
[Date "2023.08.24"]
[Round "9"]
[White "Levchenko, Alisa"]
[Black "Stricova, Julia Nela"]
[Result "1-0"]
[WhiteElo "1151"]
[BlackElo "1091"]
[PlyCount "117"]
[EventDate "2023.08.16"]
[EventType "swiss"]
[EventRounds "9"]
[EventCountry "CZE"]
[SourceTitle "EXT 2024"]
[Source "ChessBase"]
[SourceDate "2023.10.10"]
[SourceVersion "1"]
[SourceVersionDate "2023.10.10"]
[SourceQuality "1"]

1. d4 d5 2. c4 e6 3. Nf3 Nf6 4. Nbd2 Nbd7 5. e3 Be7 6. Bd3 b6 7. 0-0 Bb7 8. b3 c5 9. Bb2 cxd4 10. Bxd4 Bd6 11. cxd5 Bxd5 12. Nc4 Bxc4 13. Bxc4 Rc8 14. Rc1 0-0 15. Ba6 Rxc1 16. Qxc1 Qc7 17. Qxc7 Bxc7 18. Rc1 Bd6 19. Rc8 Rxc8 20. Bxc8 Kf8 21. e4 e5 22. Bb2 Ke7 23. Bxd7 Nxd7 24. Nd2 b5 25. f3 Bb4 26. Nb1 f6 27. a3 Ba5 28. Bc3 Bxc3 29. Nxc3 a6 30. Nd5+ Kd6 31. b4 Kc6 32. Kf2 Nb6 33. Ne3 Nc4 34. Nxc4 bxc4 35. Ke3 Kb5 36. Kd2 Ka4 37. Kc3 Kxa3 38. Kxc4 Ka4 39. g3 h6 40. f4 g6 41. h3 g5 42. fxg5 fxg5 43. g4 Ka3 44. b5 axb5+ 45. Kxb5 Kb3 46. Kc5 Kc3 47. Kd5 Kb4 48. Kxe5 Kc5 49. Kf6 Kd6 50. e5+ Kd7 51. Kf7 Kd8 52. e6 h5 53. e7+ Kc7 54. e8Q hxg4 55. hxg4 Kd6 56. Qe6+ Kc5 57. Qe4 Kd6 58. Kf6 Kc5 59. Qd3 1-0

[Event "EU Union-ch U12"]
[Site "Kouty nad Desnou"]
[Date "2023.08.23"]
[Round "8"]
[White "Stricova, Julia Nela"]
[Black "Alcantara, Levanah"]
[Result "0-1"]
[WhiteElo "1091"]
[BlackElo "1527"]
[PlyCount "130"]
[EventDate "2023.08.16"]
[EventType "swiss"]
[EventRounds "9"]
[EventCountry "CZE"]
[SourceTitle "EXT 2024"]
[Source "ChessBase"]
[SourceDate "2023.10.10"]
[SourceVersion "1"]
[SourceVersionDate "2023.10.10"]
[SourceQuality "1"]

1. e4 e6 2. d4 d5 3. exd5 exd5 4. Nf3 Bg4 5. h3 Bh5 6. Be2 Nc6 7. 0-0 Bd6 8. Re1 Nge7 9. Be3 Qd7 10. c3 0-0-0 11. b4 Nf5 12. a4 Nxe3 13. fxe3 Qe7 14. Kf2 Bxf3 15. Bxf3 Qg5 16. Kf1 Ne7 17. e4 dxe4 18. Bxe4 Bg3 19. Re2 Qf4+ 20. Bf3 Nf5 21. Qd2 h5 22. Qxf4 Bxf4 23. Ke1 Rhe8 24. Na3 Rxe2+ 25. Bxe2 Re8 26. Kd1 Ne3+ 27. Ke1 Nxg2+ 28. Kf2 Ne3 29. Bxh5 g6 30. Bf3 Rh8 31. Rh1 g5 32. a5 f5 33. b5 g4 34. hxg4 Rxh1 35. Bxh1 fxg4 36. c4 Nf5 37. Nc2 Nd6 38. Na3 Bc1 39. c5 Bxa3 40. cxd6 Bxd6 41. Ke3 a6 42. bxa6 bxa6 43. d5 g3 44. Ke4 Kb7 45. Ke3 Bb4 46. Kf4 Bxa5 47. d6+ Kc8 48. dxc7 Bxc7+ 49. Ke3 Kd7 50. Bd5 a5 51. Bb3 Kd6 52. Kf3 Kc5 53. Ba4 Kb4 54. Bd1 a4 55. Bxa4 Kxa4 56. Ke3 Kb3 57. Ke2 Kc2 58. Ke3 Kd1 59. Kf3 Ke1 60. Kg2 Ke2 61. Kh1 Kf3 62. Kg1 Bb6+ 63. Kh1 g2+ 64. Kh2 g1Q+ 65. Kh3 Qh1# 0-1

[Event "EU Union-ch U12"]
[Site "Kouty nad Desnou"]
[Date "2023.08.19"]
[Round "4"]
[White "Stricova, Julia Nela"]
[Black "Peglau, Lorena"]
[Result "0-1"]
[WhiteElo "1091"]
[BlackElo "1178"]
[PlyCount "132"]
[EventDate "2023.08.16"]
[EventType "swiss"]
[EventRounds "9"]
[EventCountry "CZE"]
[SourceTitle "EXT 2024"]
[Source "ChessBase"]
[SourceDate "2023.10.10"]
[SourceVersion "1"]
[SourceVersionDate "2023.10.10"]
[SourceQuality "1"]

1. e4 c6 2. d4 d5 3. e5 Bf5 4. Bd3 Bxd3 5. Qxd3 e6 6. Nf3 Nd7 7. 0-0 Ne7 8. c3 Ng6 9. Nbd2 c5 10. Re1 Be7 11. Nf1 0-0 12. Bd2 Qc7 13. Rac1 Qb6 14. Qc2 Rfc8 15. Qb1 cxd4 16. cxd4 Nh4 17. Nxh4 Bxh4 18. Be3 a5 19. Rc2 Rxc2 20. Qxc2 Qc6 21. Qd2 b6 22. Rc1 Qb7 23. Qc2 Bd8 24. Nd2 b5 25. Nf3 Nb6 26. b3 Qc8 27. Qd3 Qd7 28. Bg5 h6 29. Be3 Rc8 30. Rxc8 Nxc8 31. Nd2 Qc6 32. Nf1 Ne7 33. Qe2 Ng6 34. Ng3 Bb6 35. Nh5 Bd8 36. Qg4 Qc2 37. g3 Qxa2 38. Nf4 Qb1+ 39. Kg2 a4 40. Nxg6 Qxg6 41. Qxg6 fxg6 42. bxa4 bxa4 43. Bc1 Ba5 44. Bb2 Kf7 45. f4 Ke7 46. Kf3 Kd7 47. Ke3 Kc6 48. Kd3 Kb5 49. Ba3 Bb4 50. Bb2 a3 51. Ba1 Ka4 52. Kc2 h5 53. h3 Ba5 54. g4 Bb4 55. f5 gxf5 56. gxf5 exf5 57. Bc3 Be7 58. e6 f4 59. Be1 g5 60. Bf2 g4 61. hxg4 hxg4 62. Kc3 g3 63. Bg1 f3 64. Be3 f2 65. Bg5 Bxg5 66. e7 Bxe7 0-1

[Event "SVK-ch Amateurs"]
[Site "Liptovsky Jan"]
[Date "2023.06.18"]
[Round "8"]
[White "Stricova, Julia Nela"]
[Black "Janech, Michal"]
[Result "0-1"]
[WhiteElo "1067"]
[BlackElo "1000"]
[PlyCount "68"]
[EventDate "2023.06.15"]
[EventType "swiss"]
[EventRounds "8"]
[EventCountry "SVK"]
[SourceTitle "CBM 214 Extra"]
[Source "ChessBase"]
[SourceDate "2023.07.31"]
[SourceVersion "1"]
[SourceVersionDate "2023.07.31"]
[SourceQuality "1"]

1. e4 e5 2. Nf3 d6 3. Nc3 Nf6 4. Bc4 h6 5. h3 c6 6. d3 a5 7. a3 Be7 8. Be3 0-0 9. 0-0 Qc7 10. d4 Rd8 11. Qe2 b5 12. Bb3 Ba6 13. Nd1 Nxe4 14. Bxh6 d5 15. Be3 b4 16. c4 bxc3 17. Qc2 Bxf1 18. Kxf1 cxb2 19. Nxb2 Bf6 20. dxe5 Bxe5 21. Bd4 Bxd4 22. Nxd4 a4 23. Bxa4 Ra6 24. Re1 Rd6 25. f3 Rf6 26. Kg1 Qg3 27. Re2 Nd6 28. Bxc6 Nxc6 29. Nxc6 Rxa3 30. Ne7+ Kf8 31. Qb1 Raxf3 32. Re1 Rf2 33. Ng6+ Rxg6 34. Nd3 Qxg2# 0-1

[Event "SVK-ch Amateurs"]
[Site "Liptovsky Jan"]
[Date "2023.06.17"]
[Round "6"]
[White "Stricova, Julia Nela"]
[Black "Stevik, Patrik"]
[Result "0-1"]
[WhiteElo "1067"]
[BlackElo "1312"]
[PlyCount "97"]
[EventDate "2023.06.15"]
[EventType "swiss"]
[EventRounds "8"]
[EventCountry "SVK"]
[SourceTitle "CBM 214 Extra"]
[Source "ChessBase"]
[SourceDate "2023.07.31"]
[SourceVersion "1"]
[SourceVersionDate "2023.07.31"]
[SourceQuality "1"]

1. e4 e6 2. d4 d6 3. Nc3 b6 4. Bd3 Bb7 5. Nf3 g6 6. 0-0 Bg7 7. Be3 Nd7 8. Qd2 Qe7 9. Rfe1 a6 10. h3 h6 11. a3 f5 12. Rad1 fxe4 13. Bxe4 Bxe4 14. Nxe4 d5 15. Nc3 Ngf6 16. Re2 0-0-0 17. Rde1 Nf8 18. Ne5 Kb7 19. Qd3 g5 20. b4 N6d7 21. Nxd7 Rxd7 22. Na4 Rd6 23. Rc1 Nd7 24. c4 dxc4 25. Qxc4 Rc8 26. Rec2 c6 27. Nb2 Bf6 28. a4 b5 29. axb5 axb5 30. Qc3 Nb6 31. Rd2 Qd7 32. Rcd1 Nd5 33. Qa3 Ra8 34. Qb3 Nb6 35. Rd3 Rd8 36. Qc3 h5 37. R1d2 g4 38. hxg4 hxg4 39. Nd1 Rh8 40. Ra2 Qh7 41. Kf1 Qh1+ 42. Ke2 Qxg2 43. Qa3 Ra8 44. Qb3 Rxa2+ 45. Qxa2 Nc4 46. Qa1 g3 47. Ke1 Qh1+ 48. Ke2 g2 49. Rc3 0-1

[Event "EU Union-ch U10"]
[Site "Pec pod Snezkou"]
[Date "2022.08.29"]
[Round "8"]
[White "Prochazka, Michal"]
[Black "Stricova, Julia Nela"]
[Result "1-0"]
[WhiteElo "1318"]
[BlackElo "1040"]
[PlyCount "103"]
[EventDate "2022.08.22"]
[EventType "swiss"]
[EventRounds "9"]
[EventCountry "CZE"]
[SourceTitle "EXT 2023"]
[Source "ChessBase"]
[SourceDate "2022.10.05"]
[SourceVersion "1"]
[SourceVersionDate "2022.10.05"]
[SourceQuality "1"]

1. e4 e5 2. Nf3 Nc6 3. Nc3 Nf6 4. Bb5 Bb4 5. Bxc6 dxc6 6. Nxe5 Bxc3 7. bxc3 Nxe4 8. Qe2 f5 9. f3 Qe7 10. Nxc6 bxc6 11. fxe4 Qxe4 12. Qxe4+ fxe4 13. 0-0 Kd8 14. Rf7 g5 15. Ba3 Be6 16. Re7 Bd5 17. d3 exd3 18. cxd3 h6 19. c4 Bg8 20. Rae1 Bh7 21. Bb2 Rf8 22. Rxh7 Rb8 23. Bf6+ Kc8 24. Rh8 Rxh8 25. Bxh8 Kd7 26. Bg7 h5 27. Bf6 g4 28. Re7+ Kd6 29. Rh7 Rb1+ 30. Kf2 Rd1 31. Rxh5 Rd2+ 32. Kg3 Rxa2 33. Rg5 Ke6 34. Bh8 a5 35. Rxg4 a4 36. h4 a3 37. h5 Rb2 38. h6 Rb8 39. Bg7 Rg8 40. h7 Kf7 41. h8Q Rxh8 42. Bxh8 a2 43. Kf4 Ke6 44. Rg5 Kd6 45. Ba1 c5 46. Rg6+ Kd7 47. Ke5 c6 48. Rg7+ Kc8 49. Kd6 Kb8 50. Kxc6 Ka8 51. Kb6 Kb8 52. Rg8# 1-0

[Event "EU Union-ch U10"]
[Site "Pec pod Snezkou"]
[Date "2022.08.27"]
[Round "6"]
[White "Stricova, Julia Nela"]
[Black "Koutecka, Magdalena"]
[Result "1-0"]
[WhiteElo "1040"]
[BlackElo "1042"]
[PlyCount "57"]
[EventDate "2022.08.22"]
[EventType "swiss"]
[EventRounds "9"]
[EventCountry "CZE"]
[SourceTitle "EXT 2023"]
[Source "ChessBase"]
[SourceDate "2022.10.05"]
[SourceVersion "1"]
[SourceVersionDate "2022.10.05"]
[SourceQuality "1"]

1. d4 d5 2. Nf3 Nc6 3. Bf4 Nf6 4. e3 e6 5. c3 Bd6 6. Bxd6 cxd6 7. Be2 0-0 8. 0-0 e5 9. Nbd2 Bg4 10. h3 Bh5 11. c4 Re8 12. Nb3 dxc4 13. Bxc4 e4 14. g4 Nxg4 15. Bd5 Nf6 16. Bxc6 Bxf3 17. Qc2 Rc8 18. Rfc1 bxc6 19. Nd2 Bh5 20. Kf1 Qd7 21. h4 Qh3+ 22. Ke1 Qh1+ 23. Nf1 Bf3 24. Kd2 Nd5 25. Ng3 Qg2 26. Rf1 Rb8 27. b3 Rb4 28. Qxc6 Nb6 29. Qxe8# 1-0

[Event "EU Union-ch U10"]
[Site "Pec pod Snezkou"]
[Date "2022.08.25"]
[Round "4"]
[White "Stricova, Julia Nela"]
[Black "Galia, Simon"]
[Result "0-1"]
[WhiteElo "1040"]
[BlackElo "1077"]
[PlyCount "62"]
[EventDate "2022.08.22"]
[EventType "swiss"]
[EventRounds "9"]
[EventCountry "CZE"]
[SourceTitle "EXT 2023"]
[Source "ChessBase"]
[SourceDate "2022.10.05"]
[SourceVersion "1"]
[SourceVersionDate "2022.10.05"]
[SourceQuality "1"]

1. e4 e5 2. Nf3 Nc6 3. Nc3 Nf6 4. Bb5 Nd4 5. 0-0 c6 6. Be2 Bd6 7. d3 0-0 8. Be3 c5 9. Qd2 Bc7 10. Nd1 d5 11. exd5 Nxd5 12. c3 Nxe2+ 13. Qxe2 b6 14. c4 Nb4 15. Ne1 Bf5 16. Qf3 Bxd3 17. Nxd3 Nxd3 18. Qg4 Qf6 19. b3 e4 20. Qxe4 Qxa1 21. Qxd3 Rad8 22. Qc2 Qe5 23. g3 Rd7 24. Nc3 Rfd8 25. Bf4 Qf6 26. Nb5 Bxf4 27. gxf4 Qxf4 28. Qe2 Rd2 29. Qe7 Rd1 30. a3 Qg4+ 31. Kh1 Rxf1# 0-1

[Event "EU Union-ch U10"]
[Site "Pec pod Snezkou"]
[Date "2022.08.22"]
[Round "1"]
[White "Stricova, Julia Nela"]
[Black "Zrust, Lukas"]
[Result "0-1"]
[WhiteElo "1040"]
[BlackElo "1344"]
[PlyCount "68"]
[EventDate "2022.08.22"]
[EventType "swiss"]
[EventRounds "9"]
[EventCountry "CZE"]
[SourceTitle "EXT 2023"]
[Source "ChessBase"]
[SourceDate "2022.10.05"]
[SourceVersion "1"]
[SourceVersionDate "2022.10.05"]
[SourceQuality "1"]

1. e4 d5 2. exd5 Qxd5 3. Nc3 Qd6 4. d4 g6 5. Nf3 Bg7 6. Bc4 Nf6 7. 0-0 0-0 8. h3 a6 9. Be3 b5 10. Bd3 Bb7 11. Be2 Nc6 12. Qd2 e6 13. Rad1 Ne7 14. Bh6 Ned5 15. Bxg7 Kxg7 16. Nxd5 Bxd5 17. a3 Ne4 18. Qb4 Qxb4 19. axb4 Rfd8 20. Bd3 Rd6 21. c3 Nf6 22. Ne5 Nd7 23. Nxd7 Rxd7 24. Ra1 Rd6 25. f3 Rdd8 26. Be4 c6 27. Bxd5 cxd5 28. Kf2 Rd7 29. Ke3 Rda7 30. Kf4 a5 31. bxa5 Rxa5 32. Rxa5 Rxa5 33. Ke5 Ra6 34. Re1 g5 0-1

[Event "Liptovsky Jan op"]
[Site "Liptovsky Jan"]
[Date "2022.06.25"]
[Round "4"]
[White "Bilik, Matej"]
[Black "Stricova, Julia Nela"]
[Result "1-0"]
[WhiteElo "1477"]
[BlackElo "1149"]
[PlyCount "105"]
[EventDate "2022.06.23"]
[EventType "swiss"]
[EventRounds "7"]
[EventCountry "SVK"]
[SourceTitle "CBM 209 Extra"]
[Source "ChessBase"]
[SourceDate "2022.09.30"]
[SourceVersion "1"]
[SourceVersionDate "2022.09.30"]
[SourceQuality "1"]

1. e4 e5 2. Nf3 Nf6 3. d3 h6 4. Nxe5 d6 5. Nf3 g6 6. Be3 Bg7 7. Nc3 0-0 8. h3 Be6 9. Qd2 Kh7 10. Be2 Nc6 11. 0-0-0 Ne5 12. Nxe5 dxe5 13. Rdg1 Qd6 14. f3 Qa6 15. d4 Qa5 16. d5 Bd7 17. a3 c6 18. dxc6 Bxc6 19. Na2 Qxd2+ 20. Bxd2 Rac8 21. Nb4 Ba4 22. Bc3 Rfe8 23. Rd1 Nd7 24. Nd5 Red8 25. b3 Bc6 26. Ne7 Rc7 27. Nxc6 Rxc6 28. Kb2 Rc7 29. Bb5 a6 30. Bc4 b5 31. Ba5 Rcc8 32. Bxd8 Rxd8 33. Bxf7 Bf8 34. Be6 Be7 35. Rxd7 Rxd7 36. Bxd7 g5 37. Rd1 h5 38. Bc8 a5 39. Rd7 Kg6 40. Rxe7 b4 41. axb4 axb4 42. Rxe5 Kf6 43. Rf5+ Kg6 44. c3 bxc3+ 45. Kxc3 g4 46. fxg4 hxg4 47. hxg4 Kh6 48. e5 Kg6 49. e6 Kg7 50. e7 Kg6 51. e8Q+ Kg7 52. Qf7+ Kh8 53. Rh5# 1-0

[Event "Liptovsky Jan op"]
[Site "Liptovsky Jan"]
[Date "2022.06.25"]
[Round "5"]
[White "Stricova, Julia Nela"]
[Black "Polacok, Jozef"]
[Result "0-1"]
[WhiteElo "1149"]
[BlackElo "1386"]
[PlyCount "96"]
[EventDate "2022.06.23"]
[EventType "swiss"]
[EventRounds "7"]
[EventCountry "SVK"]
[SourceTitle "CBM 209 Extra"]
[Source "ChessBase"]
[SourceDate "2022.09.30"]
[SourceVersion "1"]
[SourceVersionDate "2022.09.30"]
[SourceQuality "1"]

1. e4 c6 2. Nf3 d5 3. e5 Bg4 4. g3 e6 5. Bg2 Nd7 6. d4 c5 7. c3 Ne7 8. 0-0 Nc6 9. Bf4 Be7 10. Qc1 Qb6 11. a3 Bxf3 12. Bxf3 cxd4 13. Re1 dxc3 14. Nxc3 Nd4 15. Qe3 Nc2 16. Qxb6 Nxb6 17. Rab1 Nxe1 18. Rxe1 a6 19. Be3 Nc4 20. Bc1 b5 21. b3 Nb6 22. Be3 Nd7 23. a4 Bb4 24. Rc1 Rc8 25. Bd4 0-0 26. axb5 axb5 27. Be2 Bxc3 28. Bxc3 b4 29. Bd2 Rxc1+ 30. Bxc1 Nxe5 31. Bd2 Nc6 32. Bb5 Nd4 33. Ba4 Nf3+ 34. Kg2 Nxd2 35. f3 Rc8 36. g4 Rc2 37. Kg3 Rb2 38. h3 Nxb3 39. h4 Nc5 40. Bb5 b3 41. Bf1 d4 42. Bc4 d3 43. Bxd3 Nxd3 44. f4 Rf2 45. g5 b2 46. Kg4 b1Q 47. Kg3 Qg1+ 48. Kh3 Nxf4# 0-1

[Event "SVK-ch U10 Girls"]
[Site "Stara Lubovna"]
[Date "2022.05.27"]
[Round "9"]
[White "Stauderova, Alica"]
[Black "Stricova, Julia Nela"]
[Result "0-1"]
[WhiteElo "1000"]
[BlackElo "1095"]
[PlyCount "54"]
[EventDate "2022.05.21"]
[EventType "tourn"]
[EventRounds "10"]
[EventCountry "SVK"]
[SourceTitle "CBM 208 Extra"]
[Source "ChessBase"]
[SourceDate "2022.07.31"]
[SourceVersion "1"]
[SourceVersionDate "2022.07.31"]
[SourceQuality "1"]

1. e4 e5 2. Nf3 Nf6 3. Nc3 Nc6 4. Bc4 Bc5 5. 0-0 0-0 6. d3 h6 7. Bd2 d6 8. h3 Be6 9. Bxe6 fxe6 10. Re1 Nd4 11. a3 Nxf3+ 12. Qxf3 Nd5 13. Qg3 Nxc3 14. Bxh6 Bxf2+ 15. Kf1 Bxg3+ 16. Kg1 Bxe1 17. Rxe1 gxh6 18. bxc3 Rf6 19. d4 exd4 20. cxd4 Qf8 21. Kh1 Rf1+ 22. Rxf1 Qxf1+ 23. Kh2 Qf4+ 24. g3 Qf2+ 25. Kh1 Qxg3 26. d5 Rf8 27. dxe6 Rf1# 0-1

[Event "SVK-ch U10 Girls"]
[Site "Stara Lubovna"]
[Date "2022.05.23"]
[Round "4"]
[White "Stricova, Julia Nela"]
[Black "Stauderova, Alica"]
[Result "1-0"]
[WhiteElo "1095"]
[BlackElo "1000"]
[PlyCount "99"]
[EventDate "2022.05.21"]
[EventType "tourn"]
[EventRounds "10"]
[EventCountry "SVK"]
[SourceTitle "CBM 208 Extra"]
[Source "ChessBase"]
[SourceDate "2022.07.31"]
[SourceVersion "1"]
[SourceVersionDate "2022.07.31"]
[SourceQuality "1"]

1. e4 c5 2. Nc3 a6 3. Nf3 e6 4. Bc4 b5 5. Bd3 Qc7 6. 0-0 Bb7 7. b3 Nc6 8. Bb2 0-0-0 9. Be2 Nf6 10. h3 c4 11. bxc4 bxc4 12. Bxc4 Bc5 13. d4 Bb6 14. Re1 e5 15. dxe5 Ba7 16. Re2 Bb8 17. exf6 Nd4 18. Qxd4 gxf6 19. Qxf6 h5 20. Qd4 Rhg8 21. Bxf7 Rgf8 22. Bd5 Rxf3 23. g3 a5 24. Bxb7+ Qxb7 25. Qc4+ Bc7 26. Rb1 Kb8 27. Qb3 Qxb3 28. cxb3 Rg8 29. Kg2 Rgf8 30. Nd5 Bxg3 31. fxg3 h4 32. Re3 Rf2+ 33. Kg1 hxg3 34. Rxg3 R2f7 35. Rc1 Ka8 36. Rc5 Rf1+ 37. Kh2 R8f2+ 38. Rg2 Rf3 39. Rc7 Rf8 40. Bg7 R8f2 41. Bd4 Rf8 42. Bc5 Rh8 43. e5 Rf7 44. e6 Rfh7 45. Rg3 Rh5 46. Nf6 Rf5 47. Nxd7 Rf4 48. e7 a4 49. bxa4 Rf1 50. Ra7# 1-0

[Event "SVK-ch U10 Girls"]
[Site "Stara Lubovna"]
[Date "2021.06.29"]
[Round "5"]
[White "Gondekova, Emma"]
[Black "Stricova, Julia Nela"]
[Result "1/2-1/2"]
[WhiteElo "1393"]
[BlackElo "1113"]
[PlyCount "69"]
[EventDate "2021.06.26"]
[EventType "swiss"]
[EventRounds "9"]
[EventCountry "SVK"]
[SourceTitle "CBM 203 Extra"]
[Source "ChessBase"]
[SourceDate "2021.09.30"]
[SourceVersion "1"]
[SourceVersionDate "2021.09.30"]
[SourceQuality "1"]

1. e4 e5 2. Nf3 Nc6 3. Nc3 Nf6 4. Bc4 Bc5 5. d3 h6 6. 0-0 0-0 7. Re1 d6 8. h3 Be6 9. Bb3 Re8 10. Nd5 Nd4 11. Be3 b6 12. c3 c6 13. cxd4 exd4 14. Bxd4 cxd5 15. Ba4 Rf8 16. Bc6 Rc8 17. Bxd5 Bxd5 18. exd5 Nxd5 19. a3 b5 20. Qb3 Nf4 21. Qxb5 Rb8 22. Qc4 Re8 23. Qc3 Ne2+ 24. Rxe2 Rxe2 25. b4 Bxd4 26. Qxd4 a6 27. Nh4 g6 28. Kf1 Re5 29. Re1 Re7 30. Qd5 Rxe1+ 31. Kxe1 Qxh4 32. Qxd6 Ra8 33. Qc6 Ra7 34. Qe8+ Kg7 35. Qe5+ 1/2-1/2

[Event "SVK-ch U10 Girls"]
[Site "Stara Lubovna"]
[Date "2021.06.27"]
[Round "2"]
[White "Cabakova, Adela"]
[Black "Stricova, Julia Nela"]
[Result "1-0"]
[WhiteElo "1000"]
[BlackElo "1113"]
[PlyCount "107"]
[EventDate "2021.06.26"]
[EventType "swiss"]
[EventRounds "9"]
[EventCountry "SVK"]
[SourceTitle "CBM 203 Extra"]
[Source "ChessBase"]
[SourceDate "2021.09.30"]
[SourceVersion "1"]
[SourceVersionDate "2021.09.30"]
[SourceQuality "1"]

1. d4 d5 2. Bf4 Bf5 3. e3 a6 4. Nf3 e6 5. c3 Bd6 6. Bxd6 Qxd6 7. Bd3 Bxd3 8. Qxd3 Nf6 9. Ne5 0-0 10. 0-0 Nc6 11. f4 Rfe8 12. Nd2 Rad8 13. Nb3 b6 14. Qxa6 Ra8 15. Qb5 Na5 16. Nxa5 Rxa5 17. Qc6 Qxc6 18. Nxc6 Raa8 19. b4 h6 20. a4 Ne4 21. Rfc1 Nd2 22. Ra3 Nc4 23. Ra2 Nxe3 24. a5 g5 25. fxg5 hxg5 26. a6 Nc4 27. a7 Rec8 28. Ne7+ Kf8 29. Nxc8 Nd6 30. Nxd6 cxd6 31. c4 dxc4 32. Rxc4 Ke7 33. Rc7+ Kf6 34. Rb7 e5 35. Rb8 Rxa7 36. Rxa7 Ke6 37. dxe5 dxe5 38. Rxb6+ Kf5 39. Rxf7+ Ke4 40. Rg6 Kd5 41. Rxg5 Kd4 42. b5 e4 43. Re7 e3 44. Rxe3 Kxe3 45. b6 Kf4 46. Rg8 Ke5 47. b7 Kf6 48. b8Q Ke6 49. Qe8+ Kd5 50. Qd8+ Kc5 51. Rg7 Kc6 52. Rc7+ Kb5 53. Qb8+ Ka5 54. Ra7# 1-0